Lecciones preliminares de la responsabilidad médica. Teoría y práctica
Sábháilte in:
| Príomhchruthaitheoir: | |
|---|---|
| Formáid: | Anaithnid |
| Teanga: | Béarla |
| Foilsithe / Cruthaithe: |
Santiago, Chile
Hammurabi
2020
|
| Eagrán: | 1a. edición |
| Ábhair: | |
| Clibeanna: |
Cuir clib leis
Níl clibeanna ann, Bí ar an gcéad duine le clib a chur leis an taifead seo!
|
MARC
| LEADER | 00000 a2200000 4500 | ||
|---|---|---|---|
| 003 | CL-VaPUC | ||
| 005 | 20211120074422.0 | ||
| 008 | 201229b ||||| |||| 00| 0 eng d | ||
| 999 | |c 432405 |d 432403 | ||
| 020 | |a 9789566022565 | ||
| 040 | |c Pontificia Universidad Católica de Valparaíso | ||
| 082 | 1 | 4 | |2 21 |a 344.83041 CAC 2020 |
| 100 | |a Cáceres Palacios, Rubén |9 814268 | ||
| 245 | |a Lecciones preliminares de la responsabilidad médica. |b Teoría y práctica | ||
| 250 | |a 1a. edición | ||
| 260 | 0 | 3 | |a Santiago, Chile |b Hammurabi |c 2020 |
| 300 | |a 128 páginas | ||
| 583 | |k Hugo Gaete |c 20201229 | ||
| 650 | 0 | 0 | |a Responsabilidad médica |x Sentencias |x Tribunales |9 357519 |
| 650 | 0 | 0 | |a Etica profesional |x Responsabilidad médica |9 255694 |
| 942 | |2 ddc |c BK | ||
| 952 | |0 0 |1 0 |2 ddc |4 0 |6 344_830410000000000_CAC_2020 |7 0 |8 A |9 577319 |a BIBDER |b BIBDER |d 2020-12-29 |e 22 |g 25500.00 |i 5580765 |l 1 |m 1 |o 344.83041 CAC 2020 |p 5580765 |r 2025-01-31 |s 2025-01-06 |t 1 |v 25500.00 |w 2020-12-29 |y BK |k DER | ||